Statistiques concernant Valenciennes FC - Joueurs les plus capés

Cliquez ici pour prendre le quiz!

Statistiques générales

  • Ce quiz a été pris 6 fois
  • Le résultat moyen est 2 sur 10

Statistiques - réponses

ApparitionNationalitéJoueur% Correct
285FranceNicolas Penneteau
83%
244FranceJosé Saez
50%
322FranceRudy Mater
50%
348FranceBolec Kocik
0%
342FranceJean-Claude Piumi
0%
325FranceJean-Pierre Guinot
0%
241FranceJoseph Bonnel
0%
285FranceJoseph Magiera
0%
273FranceLouis Provelli
0%
309AutricheWolfgang Matzky
0%

Distribution des résultats

Percentile par nombre de réponses

% des personnes avec chaque résultat

Votre développement - résultats

Vous n’avez pas pris ce quiz